| 000 | 00559nam a2200217 a 4500 | ||
|---|---|---|---|
| 001 | 2171 | ||
| 003 | CDMR | ||
| 005 | 20131031114654.0 | ||
| 008 | 130130s1976||||||||||||||||||||||||||||d | ||
| 020 | _a8433904302 | ||
| 040 |
_aCDMR _bcat _cCDMR |
||
| 100 | 1 |
_aWolfe, Tom _9786 |
|
| 245 | 1 | 3 |
_aLa palabra pintada _cTom Wolfe |
| 260 |
_aBarcelona _c1976 _bAnagrama |
||
| 300 | _a136 p. | ||
| 490 | 0 |
_aInformal Anagrama _v30 |
|
| 650 | 0 | 4 |
_9797 _aReportatges literaris |
| 650 | 0 | 4 |
_93211 _aComunicació i cultura |
| 650 | 0 | 4 |
_94244 _aCrÃtica d'art |
| 942 |
_cMON _2udc |
||
| 999 |
_c2171 _d2171 |
||